000 00661nam a2200229Ia 4500
005 20250508165425.0
008 008 250505s9999 xx 000 0 eng d
020 _a978-0-415-62385-8
037 _aTextBook
040 _aFEDL
_beng
_cFEDL
041 _aeng
_2eng
084 _a510.71, LES/R
_qFEDL
100 _aLeslie Dawn Ed.
_9780801
245 0 _aDebates in mathematics education
260 _aLondon, UK
_bRoutledge
_c2014
300 _axviii, 211p.
365 _aGBP
_b24.99
490 _aDebates in Subject Teaching Series
700 _a Mendick Heather Ed.
_9780802
942 _cTB
_h510.71, LES/R
999 _c1395038
_d1395038